<?xml version="1.0" encoding="UTF-8"?>
<marc:record xmlns:marc="http://www.loc.gov/MARC21/slim">
   <marc:leader>00000nam a2200000 a 4500</marc:leader>
   <marc:datafield ind1="1" ind2=" " tag="100">
      <marc:subfield code="a">Slaughter, Karin</marc:subfield>
      <marc:subfield code="4">aut</marc:subfield>
      <marc:subfield code="e">Verfasser/-in</marc:subfield>
   </marc:datafield>
   <marc:datafield ind1=" " ind2=" " tag="653">
      <marc:subfield code="a">CD-Hörbuch</marc:subfield>
   </marc:datafield>
   <marc:datafield ind1="0" ind2="0" tag="245">
      <marc:subfield code="a">Entsetzen</marc:subfield>
   </marc:datafield>
   <marc:datafield ind1=" " ind2="1" tag="264">
      <marc:subfield code="b">Brigitte Hörbuch-Edition</marc:subfield>
      <marc:subfield code="c">2017</marc:subfield>
   </marc:datafield>
   <marc:datafield ind1="1" ind2=" " tag="490">
      <marc:subfield code="a">Brigitte - Starke Stimmen</marc:subfield>
   </marc:datafield>
   <marc:datafield ind1="1" ind2=" " tag="520">
      <marc:subfield code="a">Im Flur: Glasscherben. Im ersten Stock: ihre blutüberströmte Tochter. Auf der Treppe: deren Mörder. SO sieht es für die entsetzte Abigail Campano aus, als sie nach Hause kommt. Im Kampf erwürgt sie den vermeintlichen Killer, doch später stellt sich heraus: Das tote Mädchen ist nicht Emma, sondern deren Freundin, und der Mann war ihr Freund, der nur Hilfe holen wollte. Von ihrer Tochter aber fehlt jede Spur. Und den Ermittlern Will Trent und Faith Mitchell läuft die Zeit davon.</marc:subfield>
   </marc:datafield>
</marc:record>
